| 000 | 00477nam a22001697a 4500 | ||
|---|---|---|---|
| 003 | OSt | ||
| 005 | 20140310181836.0 | ||
| 008 | 130708t xxu||||| |||| 00| 0 eng d | ||
| 050 |
_aQE 31 _b.T583 1994 |
||
| 082 |
_aREF 500 _bT48ea 1994 |
||
| 245 |
_aTime-life's illustrated world of Science : _b Earth and its features / |
||
| 260 |
_aAsia : _bTime Life, _c1994. |
||
| 300 |
_a150 p. : _bill. col. ; _c31 cm. |
||
| 541 | _j1 | ||
| 562 | _e1 | ||
| 942 |
_2lcc _cBK-GR _kREF |
||
| 999 |
_c4671 _d4671 |
||